| Поле | Название | Значение |
| |
Тип записи |
a |
| |
Библиографический уровень |
m |
| 001 |
Контрольный номер |
dca214026a8e4a6e8b6cb1bd1e731981 |
| 005 |
Дата корректировки |
20151201083034.6 |
| 200 |
Заглавие и сведения об ответственности |
1_ |
| a |
Заглавие |
Основы менеджмента |
| e |
Сведения, относящиеся к заглавию |
Учеб. пособие |
| f |
Первые сведения об ответственности |
М-во общ.и проф.образования РФ;О.А.Зайцева,А.А.Радугин,К.А.Радугин,Н.И.Рогачева;Науч.ред.А.А.Радугин |
| 210 |
Выходные данные |
1_ |
| c |
Издательство |
Центр |
| a |
Место издания |
М. |
| d |
Дата издания |
1998 |
| 215 |
Физическое описание |
__ |
| a |
Объем |
429 |
| 610 |
Ключевые слова |
0_ |
| a |
Ключевые слова |
менеджмент |
| 686 |
Индексы других классификаций |
__ |
| a |
Классификационный индекс |
65.050 |
| 2 |
Код системы |
rubbk |
| 686 |
Индексы других классификаций |
__ |
| a |
Классификационный индекс |
65.050.9(2)я73 |
| 2 |
Код системы |
rubbk |
| 801 |
Источник записи |
_0 |
| a |
Страна |
RU |
| b |
Организация |
РУК |
| c |
Дата составления |
19981221 |
| g |
Правила каталогизации |
PSBO |
| 801 |
Источник записи |
_1 |
| a |
Страна |
RU |
| b |
Организация |
РУК |
| c |
Дата составления |
19981221 |
| g |
Правила каталогизации |
PSBO |
| 852 |
Данные о местонахождении |
__ |
| i |
Авторский знак |
0-75 |
| j |
Шифр хранения |
65.050.9(2)я73 |
| 901 |
Тип документа |
__ |
| t |
Тип документа |
m |
| 938 |
Служебная информация |
__ |
| a |
Название организации |
Головной вуз |
| b |
Имя БД |
BOOK |
| c |
Название АИБС |
АИБС ИРБИС |
| 938 |
Служебная информация |
__ |
| a |
Название организации |
Ижевский филиал |